| 000 | 00986nac a22002291u 4500 | ||
|---|---|---|---|
| 010 | _a92016564 | ||
| 020 | _a0201533766 | ||
| 082 | 0 | 0 |
_a621.395 _bW525 |
| 090 |
_c866 _d866 |
||
| 100 | _aWeste, Neil H. E. | ||
| 245 | 1 | 0 |
_aPrinciples of CMOS VLSI design : _ba systems perspective / _cNeil H.E. Weste, Kamran Eshraghian. |
| 250 | _a2nd ed. | ||
| 260 |
_aReading, Mass. : _bAddison-Wesley Pub. Co., _cc1993. |
||
| 300 |
_axxii, 713 p., [16] p. of plates : _bill. (some col.) ; _c24 cm. |
||
| 440 | 4 | _aThe VLSI systems series | |
| 504 | _aIncludes bibliographical references and index. | ||
| 650 | 0 |
_aIntegrated circuits _xVery large scale integration _xdesign and construction. |
|
| 650 | 0 | _aMetal oxide semiconductors, Complementary. | |
| 700 | 1 | _aEshraghian, Kamran. | |
| 942 |
_cBB _k621.395W525 |
||
| 999 |
_c866 _d866 |
||